<?xml version="1.0" encoding="UTF-8"?><?xml-stylesheet type="text/xsl" href="static/style.xsl"?><OAI-PMH xmlns="http://www.openarchives.org/OAI/2.0/" xmlns:xsi="http://www.w3.org/2001/XMLSchema-instance" xsi:schemaLocation="http://www.openarchives.org/OAI/2.0/ http://www.openarchives.org/OAI/2.0/OAI-PMH.xsd"><responseDate>2026-04-18T07:06:56Z</responseDate><request verb="GetRecord" identifier="oai:www.recercat.cat:10459.1/468356" metadataPrefix="marc">https://recercat.cat/oai/request</request><GetRecord><record><header><identifier>oai:recercat.cat:10459.1/468356</identifier><datestamp>2025-09-15T18:40:45Z</datestamp><setSpec>com_2072_3622</setSpec><setSpec>col_2072_479130</setSpec></header><metadata><record xmlns="http://www.loc.gov/MARC21/slim" xmlns:dcterms="http://purl.org/dc/terms/" xmlns:xsi="http://www.w3.org/2001/XMLSchema-instance" xmlns:doc="http://www.lyncode.com/xoai" xsi:schemaLocation="http://www.loc.gov/MARC21/slim http://www.loc.gov/standards/marcxml/schema/MARC21slim.xsd">
   <leader>00925njm 22002777a 4500</leader>
   <datafield ind2=" " ind1=" " tag="042">
      <subfield code="a">dc</subfield>
   </datafield>
   <datafield ind2=" " ind1=" " tag="720">
      <subfield code="a">Blanch Plana, Angel</subfield>
      <subfield code="e">author</subfield>
   </datafield>
   <datafield ind2=" " ind1=" " tag="720">
      <subfield code="a">Blanco Calvo, Eduardo</subfield>
      <subfield code="e">author</subfield>
   </datafield>
   <datafield ind2=" " ind1=" " tag="260">
      <subfield code="c">2025-04-16</subfield>
   </datafield>
   <datafield ind2=" " ind1=" " tag="520">
      <subfield code="a">This study addresses the investment hypothesis of fluid on crystallised abilities onto academic achievement (Gf → Gc → Achievement), which might hold to a greater extent at earlier than at latter educational stages. We compared this prediction with two independent groups of secondary (n = 192, 113 females) and university students (n = 210, 178 females). Structural equation models were used to evaluate the association between Gf-Gc and general intelligence (g) with academic achievement. Moreover, direct and mediation models (Gf → Gc → Achievement) represented the data better than a g-factor model in both groups of students. Direct and indirect effects of Gf-Gc were alike across both groups of students. A larger amount of variability in achievement, however, emerged for secondary students compared with university students, suggesting a more robust support for the investment hypothesis at the earlier educational stage.</subfield>
   </datafield>
   <datafield ind2=" " ind1=" " tag="520">
      <subfield code="a">This research was performed within the Catalonian Consolidated Research Group SGR 1432. This project was partially funded by Departamento de Universidad, Innovación y Transformación Digital del Gobierno de Navarra: “Convocatoria de Subvenciones a Proyectos de Investigación y Transferencia del Conocimiento a realizar en centros educativos financiados con fondos públicos del año 2019”. “Ayudas a la Investigación 2019, UNED-Tudela, Obra Social la Caixa y Fundación Caja Navarra”. (496/2019).</subfield>
   </datafield>
   <datafield tag="653" ind2=" " ind1=" ">
      <subfield code="a">Fluid and crystallized abilities</subfield>
   </datafield>
   <datafield tag="653" ind2=" " ind1=" ">
      <subfield code="a">Investment hypothesis</subfield>
   </datafield>
   <datafield tag="653" ind2=" " ind1=" ">
      <subfield code="a">Academic performance</subfield>
   </datafield>
   <datafield ind2="0" ind1="0" tag="245">
      <subfield code="a">Fluid-crystallised abilities and academic achievement in secondary education and university</subfield>
   </datafield>
</record></metadata></record></GetRecord></OAI-PMH>